| 000 | 00702nam a22001815i 4500 | ||
|---|---|---|---|
| 001 | 173599 | ||
| 003 | ES-MaACL | ||
| 005 | 20250902093528.0 | ||
| 008 | 091211s1877 sp |||| | spa d | ||
| 080 | _a061.235(460.313 V.).068 | ||
| 245 | 0 | 0 | _aPremios que la Sociedad Económica de Amigos del País de Valencia ofrece para el certamen público de 8 de diciembre de 1877. |
| 260 |
_aValencia : _b[s.n.], _c1877 ( _fImp. de José Rius) |
||
| 300 |
_a10 p. ; _c24 cm. |
||
| 610 | 1 | 4 |
_aReal Sociedad Económica de Amigos del País de Valencia- _xPremios. _9141783 |
| 710 | 2 |
_aReal Sociedad Económica de Amigos del País de Valencia _9141784 |
|
| 852 |
_aES-MaACL _jT-243-F-4 |
||
| 999 |
_c173599 _d173599 |
||